Ultras Quiz Football - Statistics

General Stats
  • This quiz has been taken 154 times
  • The average score is 5 of 10
Answer Stats
Question Answer % Correct
Which of the following clubs is associated with the 'Green Angels' ultras? Saint-Étienne
94%
What is the main stand in San Siro where AC Milan’s ultras gather? Curva Sud
64%
Grobari, the ultras of Partizan Belgrade, are generally seen as politically... Right-wing
61%
Which Turkish club is supported by the Çarşı ultras group? Beşiktaş
58%
What is the oldest ultras group in Europe? Torcida Split (Hajduk Split)
55%
Which Italian club is supported by the far-left ultras group Brigate Autonome Livornesi (BAL)? Livorno
54%
The Schickeria are ultras of which club? FC Bayern Munich
42%
Gate 7 are the ultras of which Greek club? Olympiacos
42%
Żyleta is the ultras section of which Polish team? Legia Warsaw
33%
Manijaci support which club in Bosnia and Herzegovina? FK Željezničar
18%
No matching quizzes found
Score Distribution
Percent of People with Each Score
Percentile by Number Answered
Your Score History
You have not taken this quiz